ČSN 06 0312 Ústřední sálavé vytapění se zabetonovanými trubkami projektování a montáž

Podrobná bibliografia
Médium: Kniha
Jazyk:neznámy jazyk
Vydavateľské údaje: Praha ÚNM 1972

MARC

LEADER 00000nam a2200000 a 4500
001 vtls001297841
003 SK-MaSNL
005 20260224063501.0
008 210928s1972 xx 0 und
035 |a SNK000249756 
040 |a SNK  |b slo  |c SNK  |e AACR2 
245 1 |a ČSN 06 0312 Ústřední sálavé vytapění se zabetonovanými trubkami projektování a montáž 
260 |a Praha  |b ÚNM  |c 1972 
300 |a 15 s. 
958 |a OND 
999 |c 887607  |d 889537 
952 |t P60, <04>, [BOOK], {604}  |a SNK  |b SNK  |y VYP  |7 0  |p 17A0087625  |o snkČSN 06 0312  |0 0  |1 0  |4 0  |d 1997-08-05  |l 0  |r 2005-01-02 00:00:00  |w 2026-02-24 
952 |t P60, <04>, [BOOK], {604}  |a SNK  |b SNK  |y VYP  |7 0  |p 17A0087636  |o snkČSN 06 0312  |0 0  |1 0  |4 0  |d 1997-08-05  |l 0  |r 2005-01-02 00:00:00  |w 2026-02-24